| 000 | 00882nam a2200241Ia 4500 | ||
|---|---|---|---|
| 003 | OSt | ||
| 005 | 20220923221801.0 | ||
| 006 | a|||||r|||| 00| 0 | ||
| 007 | ta | ||
| 008 | 220922b |||||||| |||| 00| 0 hin d | ||
| 024 | _a200,018 | ||
| 037 | _cTextual | ||
| 040 |
_aARTS _cARTS _bhin |
||
| 041 |
_2hin _ahin |
||
| 082 | _aQ29M8:332wN26, L6 | ||
| 100 |
_aविद्यावाचस्पति, इन्द्र _9162489 |
||
| 245 | 0 | _aअमर शहीद स्वामी श्रद्घानन्द मेर ेपिता | |
| 246 | _aAmar shahīd swāmī shradghānanda mer epitā | ||
| 260 |
_aदिल्ली _b सरस्वती विहार _c1976 |
||
| 300 |
_a205पृ. _ccm. |
||
| 942 |
_hQ29M8:332wN26, L6 _cTEXL _2CC |
||
| 999 |
_c351720 _d351720 |
||